000 00811nam a22001695i 4500
001 160726
003 ES-MaACL
005 20230906212121.0
008 041013s1868 sp |||| | spa d
040 _aCAM
_bspa
_cCAM
100 1 _aNogueras, Manuel Vicente de.
_9130512
245 1 0 _aRobo doméstico
_b: comedia en un acto /
_cpor Manuel Vicente de Nogueras.
260 _aMadrid :
_b[s.n.],
_c1868 (
_fImprenta de José Rodriguez)
300 _a29 p. ;
_c18 cm.
596 _aEn verso de la port. consta: "... Los comisionados de la coleccion de piezas, titulada El Teatro Cómico, son los exclusivos encargados ..."
852 _aES-MaACL
_jF-8620(9)
_z-- Enc. pasta española
_q-- Falto de la cub. original
_z-- Enc. en un vol. facticio formando parte de la col. facticia "Teatro español moderno", vol. 75
999 _c160726
_d160726